| 000 | 00684nam a2200217 i 4500 | ||
|---|---|---|---|
| 001 | 115159 | ||
| 003 | ES-MaACL | ||
| 005 | 20250728180434.0 | ||
| 007 | t| | ||
| 008 | 070223s1910 sp ||||1| spa d | ||
| 080 | _a821.134.2-32"18" | ||
| 100 | 1 |
_aTomás Salvany, Juan. _9110528 |
|
| 245 | 1 | 0 |
_aQuinientas pesetas / _cpor Juan Tomás Salvany ; ilustraciones de Vázquez Calleja. |
| 260 |
_aMadrid : _bEl Cuento Semanal, _c1910. |
||
| 300 |
_a20 p. : _bil. ; _c26 cm. |
||
| 490 | 1 |
_aEl cuento semanal ; _v196 |
|
| 700 | 1 |
_aVázquez Calleja, Félix, _d1881-1963 _9113400 |
|
| 830 | 0 | 3 |
_aEl cuento semanal _v196 _9185957 |
| 852 |
_aES-MaACL _jG-4446(13) |
||
| 999 |
_c115159 _d115159 |
||